00459nam a2200181Ia 450000500170000000800410001702000120005804000190007004100120008908200170010110000250011824500430014326000290018630000110021565000230022665100180024985000100026720230328104801.0131103s9999 xx 000 0 und d cRs.5.00 aLoreto College aEnglish a891.443bRAY aRay, Rathiindranath  aChattogalper kathacRathiindranath Ray aKolkatabSuprakashc1959 a208p.  aEnglish literature aEnglish story aLCLIB